| 000 | 00772nam a2200241 i 4500 | ||
|---|---|---|---|
| 003 | DO-SdBNP | ||
| 005 | 20241017140547.0 | ||
| 007 | ta | ||
| 008 | 241017s1962 dr 000 0 spa d | ||
| 040 |
_aDO-SdBNP _bspa _cBNPHU _erda |
||
| 082 |
_bS211 _222 |
||
| 100 |
_4aut. _aSánchez Cabral, Eduardo _917412 _eautor |
||
| 245 | 1 | 0 |
_a30 de mayo de 1961 : _bnuestra última epopeya / _cEduardo Sánchez Cabral |
| 246 | 1 | 0 |
_aTreinta de mayo de 1961 : _bnuestra última epopeya / |
| 264 | 1 |
_aSanto Domingo : _bEditora Del Caribe, _c1962. |
|
| 300 |
_a24 páginas, _c27 cm. |
||
| 336 |
_2rdacontent _atexto _btxt |
||
| 337 |
_2rdamedia _asin mediación _bn |
||
| 338 |
_2rdacarrier _avolumen _bnc |
||
| 590 | _aInventariado, 2024/ YL | ||
| 910 | _aYLockward | ||
| 942 |
_2ddc _cLF2 |
||
| 999 |
_c57893 _d57893 |
||